| 000 | 00826nam a2200241 u 4500 | ||
|---|---|---|---|
| 005 | 20210223130347.0 | ||
| 008 | 080124s2006 mx r 000 0 spa d | ||
| 020 | _a8441322937 | ||
| 035 | _aUPN01000153900 | ||
| 049 | _aC | ||
| 050 | 4 |
_aDU107 _bN5.2 |
|
| 100 | 1 | _aNile, Richard | |
| 245 | 1 | 0 |
_aAustralia, Nueva Zelanda y Pacífico Sur / _cRichard Nile, Christian Clerk. |
| 260 |
_aBarcelona, Esp. : _bFolio, _c2006. |
||
| 300 |
_a240 p. : _bil. col., mapas |
||
| 440 | 0 | _aGrandes civilizaciones del pasado | |
| 534 |
_pTítulo original: _tCultural atlas of Australia, New Zeland and the South Pacific |
||
| 651 | 4 |
_aAUSTRALIA - _xCIVILIZACION _911700 |
|
| 651 | 4 |
_aNUEVA ZELANDA - _xCIVILIZACION _911703 |
|
| 651 | 4 |
_aISLAS DEL PACIFICO - _xCIVILIZACION _911702 |
|
| 700 | 1 |
_aClerk, Christian, _ecoaut. |
|
| 905 | _aLibro | ||
| 999 |
_c126021 _d126021 |
||